| 000 | 00356nam a22001097a 4500 | ||
|---|---|---|---|
| 082 | _a623.74 PRO'R | ||
| 100 |
_aROYAL MILITARY COLLEGE _974128 |
||
| 245 | _aPROJECT REPORT AN INTRODUCTION OF THE ROLL PITCH AND BOUNCE CHARACTERISTICS OF A MILITARY VEHICLES USING AN ILLUSTRATED SUSPENSION | ||
| 260 |
_aBRITINA _bROYAL _c1977 |
||
| 300 | _a141P | ||
| 942 | _cBK | ||
| 999 |
_c580083 _d580083 |
||